Quiz wpisz wszystkie legendarne postacie z brawl stars - Statystyki

Ogólne statystyki
  • Ten quiz został rozwiązany 89 razy
    78 od ostatniego zresetowania
  • Średni wynik to 10 z 11
Statystyki odpowiedzi
# Postacie % Poprawnych
. Kruk
96%
. Leon
95%
. Spike
95%
. Meg
91%
. Amber
89%
. Kit
88%
. Draco
84%
. Sandy
84%
. Cordelius
82%
. Chester
80%
. Surge
71%
Nie znaleziono quizów pasujących do podanych kryteriów
Rozkład punktacji
Procent ludzi z każdym wynikiem
Percentyl według liczby udzielonych odpowiedzi
Twoja historia wyników
Nie rozwiązałeś tego quizu od ostatniego zresetowania